| 000 | 00771nam a22002532a 4500 | ||
|---|---|---|---|
| 001 | 21390 | ||
| 003 | BD-RjUL | ||
| 005 | 20211209000659.0 | ||
| 008 | 140304s1964 nyu b 001 0 eng d | ||
| 035 | _a(BD-RjUL)21454 | ||
| 040 |
_aDLC _cDLC _dUKM _dEQO _dBD-RjUL _beng |
||
| 041 | _aeng | ||
| 082 |
_a807.12 _218 _bBUL 1964 |
||
| 100 | 1 |
_aBurton, Dwight L. _966108 |
|
| 245 | 1 | 0 |
_aLiterature study in the high schools / _cDwight L. Burton. |
| 250 | _aRev. ed | ||
| 260 |
_aNew York : _bHolt, Rinehart and Winston, _cc1964. |
||
| 300 |
_avii, 312 p. ; _c22 cm. |
||
| 504 | _aIncludes bibliographies and index. | ||
| 650 | 0 |
_aLiterature _xStudy and teaching (Secondary) _zUnited States. _966109 |
|
| 942 |
_2ddc _cBK |
||
| 999 |
_c21390 _d21390 |
||